| 000 | 00585nam a2200193Ia 4500 | ||
|---|---|---|---|
| 003 | GCL | ||
| 005 | 20240530104826.0 | ||
| 008 | 140319s9999 xx 000 0 ara d | ||
| 040 |
_aGCL / _cGCL |
||
| 082 | 0 | 4 |
_a327.11 _bك أ |
| 100 | 1 | _aكوهين, جيولا | |
| 245 | 1 | 0 |
_aدراسات عن اسرائيل: الى اين نتجه / _cكوهين, جيولا |
| 300 | _a57 ص | ||
| 490 |
_aالهيئة العامة للاستعلامات _v0 |
||
| 650 | 0 | 4 | _aاسرائيل |
| 650 | 0 | 4 | _aاسرائيل - تاريخ |
| 650 | 0 | 4 | _aاسرائيل - دراسات |
| 942 |
_2ddc _cBK |
||
| 999 |
_c50974 _d50974 |
||